Most Populous Cities by Category - Statistics

General Stats
  • This quiz has been taken 72 times
  • The average score is 21 of 30
Answer Stats
Category Answer % Correct
Most populous French-speaking cities Paris
95%
Most populous cities located in Africa Cairo
94%
Most populous majority-Muslim cities Cairo
94%
Most populous cities located in Africa Lagos
90%
Most populous cities located in Africa Johannesburg
89%
Most populous cities below the equator Johannesburg
89%
Most populous Australian cities Sydney
86%
Most populous Australian cities Melbourne
84%
Most populous Australian cities Perth
83%
Most populous cities located in Africa Kinshasa
79%
Most populous French-speaking cities Kinshasa
79%
Most populous cities below the equator Kinshasa
79%
Most populous majority-Muslim cities Jakarta
78%
Most populous cities below the equator Jakarta
78%
Most populous cities starting with B Buenos Aires
76%
Most populous Australian cities Brisbane
71%
Most populous Australian cities Adelaide
70%
Most populous cities starting with B Beijing
68%
Most populous French-speaking cities Montreal
59%
Most populous cities below the equator Rio de Janeiro
59%
Most populous majority-Muslim cities Karachi
57%
Most populous cities below the equator Sao Paulo
57%
Most populous majority-Muslim cities Dhaka
56%
Most populous cities starting with B Bogota
52%
Most populous French-speaking cities Dakar
52%
Most populous French-speaking cities Abidjan
51%
Most populous majority-Muslim cities Istanbul
51%
Most populous cities starting with B Baghdad
49%
Most populous cities located in Africa Luanda
49%
Most populous cities starting with B Bengaluru
48%
No matching quizzes found
Score Distribution
Percent of People with Each Score
Percentile by Number Answered
Your Score History
You have not taken this quiz